100 most common surnames in Portugal - Statistics

General Stats
  • This quiz has been taken 779 times
  • The average score is 28 of 100
Answer Stats
# Answer % Correct
1 S Silva
93%
71 S
91%
3 P Pereira
79%
2 S Santos
78%
4 F Ferreira
72%
9 F Fernandes
69%
5 C Costa
66%
10 S Sousa
64%
7 R Rodrigues
63%
6 O Oliveira
62%
13 L Lopes
58%
14 C Carvalho
56%
12 G Gomes
55%
11 G Gonçalves
54%
8 M Martins
50%
25 M Mendes
47%
21 D Dias
46%
28 S Soares
46%
18 A Almeida
45%
19 A Alves
43%
16 P Pinto
43%
29 N Nunes
42%
17 M Marques
41%
15 R Ribeiro
38%
26 V Vieira
36%
35 R Ramos
35%
31 C Coelho
31%
20 T Teixeira
31%
37 N Neves
30%
50 C Castro
28%
24 M Moreira
28%
27 C Cardoso
27%
23 C Correia
27%
75 G Garcia
27%
66 J Jesus
27%
45 L Lima
27%
46 A Antunes
26%
57 H Henriques
26%
22 M Monteiro
26%
34 T Tavares
26%
47 M Matos
25%
36 C Cruz
24%
42 B Barbosa
23%
33 C Cunha
23%
82 M Moura
23%
38 R Reis
23%
48 A Andrade
22%
32 D Duarte
22%
43 M Machado
22%
56 M Mota
22%
58 B Barros
21%
52 F Figueiredo
21%
54 P Pinheiro
21%
44 P Pires
21%
30 R Rocha
21%
87 T Torres
21%
40 A Araújo
20%
41 F Fonseca
20%
74 M Melo
20%
63 R Rosa
20%
55 A Azevedo
19%
53 M Magalhães
19%
76 N Nogueira
18%
51 S Simões
18%
78 B Branco
17%
39 F Freitas
17%
69 B Borges
16%
60 F Faria
16%
67 G Guerreiro
16%
85 L Leite
16%
77 N Neto
16%
65 A Abreu
15%
61 B Batista
15%
97 C Conceição
15%
62 M Morais
15%
99 V Vaz
15%
93 C Cabral
14%
73 C Campos
14%
49 L Lourenço
14%
68 M Maia
13%
79 P Pinho
13%
72 A Amaral
12%
100 C Couto
12%
80 E Esteves
12%
59 M Miranda
12%
70 N Nascimento
12%
64 B Brito
11%
86 F Francisco
11%
98 G Gouveia
11%
84 L Loureiro
11%
91 V Vicente
11%
81 A Afonso
10%
88 M Macedo
10%
92 P Pacheco
10%
89 V Valente
10%
96 A Amorim
8%
83 B Baptista
8%
90 L Leal
8%
95 P Peixoto
7%
94 G Gaspar
6%
No matching quizzes found
Score Distribution
Percent of People with Each Score
Percentile by Number Answered
Your Score History
You have not taken this quiz